Manual Pengurusan Majlis

Bibliographic Details
Corporate Author: Malaysia
Format: Book
Published: Kuala Lumpur : Institut Tadbiran Awam Negara , 2010
Subjects:

MARC

LEADER 00000cam a2200000 7i4500
001 0000004018
005 20150107.0
020 0 0 |a 9789833109555 
090 0 0 |a 395   |b INT 2010 
110 1 0 |a Malaysia   |c Jabatan Perdana Menteri 
245 1 0 |a Manual Pengurusan Majlis   |c Institut Tadbiran Awam Negara 
260 0 0 |a Kuala Lumpur :   |b Institut Tadbiran Awam Negara ,   |c 2010 
300 |a ix, 247 p. :   |b ill. ;   |c 23 cm. 
650 0 0 |a Etiquette---Handbooks 
650 0 0 |a Manner and customs---Handbooks 
998 |a JPSM 
999 |a 007841   |b Monograph   |c Open Shelf   |e Default branch